000 00719nam a22001577a 4500
003 OSt
005 20160831150509.0
008 160831b xxu||||| |||| 00| 0 eng d
040 _cRUA
082 _aAGE PIV 2015 B515 Or.
100 _99718
_aPIV CHHAY THAON; ពៀវ ឆៃធន់
245 _aEffects of hard-pan disruption for growing maize after harvesting west-season rice; ឥទ្ធិពលនៃការបំបែកស្រទាប់បាតនង្គ័លទៅលើការដុះលូតលាស់ដំណាំពោតក្រោយប្រមូលផលស្រូវវស្សា
260 _aRUA
_bPhnom Penh
_c2015
300 _axi; 52p.
_bill.
_c29cm.
942 _2ddc
_cAGE
999 _c9363
_d9363